The Social framework
| Main Author: | Hicks, J. R |
|---|---|
| Published: |
Kuala Lumpur:
Oxford University Press,
1960.
|
| Edition: | 3rd ed. |
| Subjects: |
| LEADER | 00528cam a2200169 7i4500 | ||
|---|---|---|---|
| 001 | 0000048399 | ||
| 005 | 20190425090000.0 | ||
| 090 | 0 | 0 | |a HB171.5 |b H53 1960 |
| 100 | 1 | |a Hicks, J. R | |
| 245 | 1 | 4 | |a The Social framework |c J. R. Hicks. |
| 250 | |a 3rd ed. | ||
| 260 | |a Kuala Lumpur: |b Oxford University Press, |c 1960. | ||
| 300 | |a 272 p. | ||
| 500 | |a Gift: Zainol Ahmad Resource Center | ||
| 650 | 0 | 0 | |a Economics |
| 999 | |a 0000064093 |b BOK |c OPEN SHELF |e 1st Floor, Bestari Jaya | ||
| 999 | |a ZARC001856 |b BOK |c OPEN SHELF |e Zainol Ahmad Resource Center | ||